| 000 | 00438nam a2200157Ia 4500 | ||
|---|---|---|---|
| 008 | 231217s9999 xx 000 0 und d | ||
| 020 | _a8171418589 | ||
| 041 | _aEnglish | ||
| 082 | _a370.54 VEN;1 R | ||
| 100 | _aVenkateswara Rao, V. Vijaya Lakshmi, V. Vamsi Krishna, V. | ||
| 245 | 0 | _aEducation in India | |
| 260 |
_c2004 _bDiscovery Publishing House _aNew Delhi |
||
| 300 | _aix, 341 | ||
| 650 | _aEducation,India | ||
| 942 | _cAA | ||
| 999 |
_c195414 _d195414 |
||